Car Make and Model - Statistics

General Stats
  • This quiz has been taken 25 times
  • The average score is 6 of 15
Answer Stats
Picture Answer % Correct
BMW X3
83%
Audi Q5
61%
Ford Transit
61%
Chevrolet Suburban
56%
Ford Expedition
44%
GMC Sierra
44%
Volkswagen Tiguan
44%
Chrysler Town and Country
39%
Kia Sorento
33%
Lexus RX
33%
Range Rover Evoque
33%
Chevrolet Uplander
28%
Mazda CX-5
28%
Mitsubishi Outlander
28%
Cadillac XTS
17%
No matching quizzes found
Score Distribution
Percent of People with Each Score
Percentile by Number Answered
Your Score History
You have not taken this quiz